MARC details
| 000 -CABECERA |
| campo de control de longitud fija |
05814nam a2200457 a 4500 |
| 001 - NÚMERO DE CONTROL |
| campo de control |
dia_3672 |
| 003 - IDENTIFICADOR DEL NÚMERO DE CONTROL |
| campo de control |
CHAP |
| 005 - FECHA Y HORA DE LA ÚLTIMA TRANSACCIÓN |
| campo de control |
20250227090712.0 |
| 007 - CAMPO FIJO DE DESCRIPCIÓN FÍSICA--INFORMACIÓN GENERAL |
| campo de control de longitud fija |
ta |
| 008 - DATOS DE LONGITUD FIJA--INFORMACIÓN GENERAL |
| campo de control de longitud fija |
220601s2006 mx ade frm 001 0 spa d |
| 040 ## - FUENTE DE LA CATALOGACIÓN |
| Centro catalogador/agencia de origen |
mxchpua |
| Centro/agencia transcriptor |
CHAP |
| 041 0# - CÓDIGO DE LENGUA |
| Código de lengua del texto/banda sonora o título independiente |
spa |
| Código de lengua del sumario o resumen |
eng |
| 090 ## - LOCALMENTE ASIGNADO TIPO-LC NÚMERO DE CLASIFICACIÓN (OCLC); NÚMERO DE CLASIFICACIÓN LOCAL (RLIN) |
| Número de clasificación (OCLC) (R) ; Numero de clasificación, CALL (RLIN) (NR) |
Tesis |
| Número cutter local (OCLC) ; Número de libro/Signatura topográfica íntegra, CALL (RLIN) |
R63 |
| año |
2006 |
| 100 1# - ENTRADA PRINCIPAL--NOMBRE DE PERSONA |
| Nombre de persona |
Rodríguez García, Roxana |
| 240 1# - TÍTULO UNIFORME |
| Título uniforme |
Analysis of technical and economical feasibility project for the installation of a processing plant of blackberry marmalade in Los Reyes, Mich. |
| Lenguaje de la obra |
Español |
| 245 10 - MENCIÓN DE TÍTULO |
| Título |
Estudio de Factibilidad Técnico Económico para el establecimiento de una planta procesadora de mermelada de zarzamora en los Reyes, Mich. / |
| Mención de responsabilidad, etc. |
Roxana Rodríguez García |
| 264 ## - PRODUCCIÓN, PUBLICACIÓN, DISTRIBUCIÓN, FABRICACIÓN Y COPYRIGHT |
| Producción, publicación, distribución, fabricación y copyright |
Chapingo, México : |
| Nombre del de productor, editor, distribuidor, fabricante |
El autor, |
| Fecha de producción, publicación, distribución, fabricación o copyright |
2006 |
| 300 ## - DESCRIPCIÓN FÍSICA |
| Extensión |
vi, 88 hojas : |
| Otras características físicas |
ilustraciones, tablas, gráficas, planos |
| 336 ## - TIPO DE CONTENIDO |
| Fuente |
rdacontent |
| Término de tipo de contenido |
texto |
| Código de tipo de contenido |
txt |
| 337 ## - TIPO DE MEDIO |
| Fuente |
rdamedia |
| Nombre/término del tipo de medio |
no mediado |
| Código del tipo de medio |
n |
| 338 ## - TIPO DE SOPORTE |
| Fuente |
rdacarrier |
| Nombre/término del tipo de soporte |
volumen |
| Código del tipo de soporte |
nc |
| 502 ## - NOTA DE TESIS |
| Nota de tesis |
Tesis |
| Tipo de título |
(Ingeniero Agroindustrial) -- |
| Nombre de la institución que otorga el título |
UACh. Departamento de Ingeniería Agroindustrial, |
| Año de obtención del título |
2006 |
| 504 ## - NOTA DE BIBLIOGRAFÍA, ETC. |
| Nota de bibliografía, etc. |
Bibliografía : hojas |
| 505 ## - NOTA DE CONTENIDO CON FORMATO |
| Nota de contenido con formato |
1 plano : --<br/>1. Distribución de la planta |
| 520 3# - SUMARIO, ETC. |
| Sumario, etc. |
La zarzamora en los últimos años ha presentado un incremento en la superficie plantada y de producción, esto a pesar de que es un cultivo costoso pero que también es rentable. Michoacán el es principal Estado productor de esta frutilla en la República y dentro de el, Los Reyes es el municipio que presenta la mayor producción en el Estado, con un estimado de 2,500.00 toneladas para el año 2005, presentando rendimientos estimados de 10 toneladas/ha en este mismo año de las cuales alrededor del 30% es destinada a proceso. Esto representa una oportunidad para el establecimiento de agroindustrias en la región. Por ello surge este estudio que ofrece una alternativa a los productores del municipio para dar valor agregado a su producto y así ofrecer al mercado de consumo de las mermeladas un producto de alta calidad en presentaciones prácticas. Para la realización de este estudio se realizó un estudio técnico y económico sobre el proyecto arrojando resultados importantes para la toma de decisión. El proyecto requiere de una inversión de $2,805,107.00, de los cuales el 89.8% será financiado por un crédito de avío para el capital de trabajo y otro refaccionario para cubrir parte de la inversión fija, estos créditos serán solicitados a FIRA. El restante 10.2% será aportación de los socios. La recuperación de la inversión tomara 3 años. El indicador que nos señala si el proyecto es rentable es la TIR (Tasa Interna de Retorno) que resulto ser de 103.5% para la evaluación privada y 61.2% para la empresa, comparando estos valores con la TREMA (Tasa de Rentabilidad Mínima Aceptable) de 30% y al ser superiores resulta rentable el proyecto, además los valores del VAN (Valor Actual Neto) resultaron positivos. La relación beneficio/costo resulto ser de 1.53. Este proyecto no solo tiene beneficios económicos sino también sociales pues contribuye a la creación de empleos. Por todo lo anterior se recomienda la puesta en marcha de este proyecto por resultar factible tanto técnica, económica y socialmente. |
| 520 3# - SUMARIO, ETC. |
| Sumario, etc. |
Blackberries in Mexico have shown in the last years an important increase in the planting hectarage. The State on Michoacan is the first producer of blackberry, and Los Reyes is the municipality with the greatest production of the Estate, with an estimated 2500.00 tons of fruit for the year 2005 with an estimated yield on 10 ton ha-1 of the total amount of amount about 30% is destine for processing. This represents an opportunity for the establishment of an agro industry in the zone. This study offers an alternative for growers of the municipality to give a plus to the value to their product and offer to the marmalade consumers a high quality product in a practical presentation (display). The analysis of this project was made with a technical and economical feasibility study, giving the necessary elements for the decisions taking. The project requires an investment of $2,805,107.00. The and the 89,8% of this amount will be financed trough a loan credit and part of the fix assets investments, this credits will be required to FIRA. The remaining 10,2% will be a contribution by the members. The period of recovery of the investment is of three years. The indicator TIR (Internal Revenue Rate) that tells if the project is profitable is resulted in a value of 103.5% for the partners evaluation and 61,2% in the evaluation of the project. Comparing these values with the TREMA (Minimum Acceptable Rate of Rentability) of 30%, the project proves to be rentable also considering the positive value of the VAN (Actual Net Value). The relation of benefit-cost resulted in 1.53. Beside this project also has a social benefit by contributing to the creation of new jobs. For all this reasons it is recommendable the installation and operation of this processing plant for its technical and economic feasibility and also for the social impact. |
| 650 12 - PUNTO DE ACCESO ADICIONAL DE MATERIA--TÉRMINO DE MATERIA |
| Término de materia o nombre geográfico como elemento de entrada |
Zarzamora |
| Fuente del encabezamiento o término |
atg |
| Subdivisión general |
Mermeladas |
| 650 13 - PUNTO DE ACCESO ADICIONAL DE MATERIA--TÉRMINO DE MATERIA |
| Término de materia o nombre geográfico como elemento de entrada |
Mermeladas |
| Fuente del encabezamiento o término |
atg |
| Subdivisión general |
Plantas procesadoras de alimentos |
| 650 13 - PUNTO DE ACCESO ADICIONAL DE MATERIA--TÉRMINO DE MATERIA |
| Término de materia o nombre geográfico como elemento de entrada |
Mermeladas |
| Fuente del encabezamiento o término |
atg |
| Subdivisión general |
Iniciativa empresarial |
| Subdivisión geográfica |
México |
| 650 13 - PUNTO DE ACCESO ADICIONAL DE MATERIA--TÉRMINO DE MATERIA |
| Término de materia o nombre geográfico como elemento de entrada |
Blackberries |
| Fuente del encabezamiento o término |
atg |
| Subdivisión general |
Jams |
| 650 13 - PUNTO DE ACCESO ADICIONAL DE MATERIA--TÉRMINO DE MATERIA |
| Término de materia o nombre geográfico como elemento de entrada |
Jams |
| Fuente del encabezamiento o término |
atg |
| Subdivisión general |
Food processing plants |
| 650 13 - PUNTO DE ACCESO ADICIONAL DE MATERIA--TÉRMINO DE MATERIA |
| Término de materia o nombre geográfico como elemento de entrada |
Jams |
| Fuente del encabezamiento o término |
atg |
| Subdivisión general |
Entrepreneurship |
| Subdivisión geográfica |
Mexico |
| 700 1# - PUNTO DE ACCESO ADICIONAL--NOMBRE DE PERSONA |
| Nombre de persona |
García Chávez, Luis Ramiro |
| Término indicativo de función/relación |
director |
| 700 1# - PUNTO DE ACCESO ADICIONAL--NOMBRE DE PERSONA |
| Nombre de persona |
Altamirano Cárdenas, J. Reyes |
| Término indicativo de función/relación |
asesor |
| 700 1# - PUNTO DE ACCESO ADICIONAL--NOMBRE DE PERSONA |
| Nombre de persona |
Sánchez Peña, José Víctor |
| Término indicativo de función/relación |
asesor |
| 856 ## - LOCALIZACIÓN Y ACCESO ELECTRÓNICOS |
| Identificador Uniforme del Recurso |
<a href="http://10.13.5.2/tesis/103948.pdf">http://10.13.5.2/tesis/103948.pdf</a> |
| Texto de enlace |
DESCARGAR PDF |
| 901 ## - ELEMENTOS DE DATOS A LOCAL LDA (RLIN) |
| a |
TESIS R63 2006 |
| 942 ## - ELEMENTOS DE PUNTO DE ACCESO ADICIONAL (KOHA) |
| Tipo de ítem Koha |
TESIS |
| Fuente del sistema de clasificación o colocación |
Clasificación Universidad Autónoma Chapingo |
| 902 ## - ELEMENTOS DE DATOS B LOCAL, LDB (RLIN) |
| a |
M |
| 905 ## - ELEMENTOS DE DATOS E LOCAL, LDE (RLIN) |
| a |
0000002006 mx 0000000000spa00 |